[Event "Stuttgart-chB int"]
[Site "Gerlingen"]
[Date "2007.05.19"]
[Round "5"]
[White "Sampala, Simon"]
[Black "Nadj, Georg"]
[Result "1/2-1/2"]
[WhiteElo "1345"]
[BlackElo "1470"]
[PlyCount "49"]
[EventDate "2007.05.17"]
[EventType "swiss"]
[EventRounds "7"]
[EventCountry "GER"]
[SourceTitle "EXT 2018"]
[Source "ChessBase"]
[SourceDate "2017.10.13"]
[SourceVersion "1"]
[SourceVersionDate "2017.10.13"]
[SourceQuality "1"]

1. d4 Nf6 2. c4 d5 3. Nc3 c6 4. Bg5 e6 5. Nf3 Be7 6. Rc1 Nbd7 7. e3 0-0 8. Bd3 Nh5 9. Bxe7 Qxe7 10. 0-0 g6 11. Qc2 Nhf6 12. Rfe1 Qd6 13. e4 dxe4 14. Nxe4 Nxe4 15. Rxe4 Nf6 16. Rh4 Kg7 17. Re1 c5 18. dxc5 Qxc5 19. Re5 Qd6 20. Rg5 Rd8 21. Rd4 Qe7 22. Rxd8 Qxd8 23. Qc3 Kg8 24. Re5 Bd7 25. Re2 1/2-1/2

[Event "Stuttgart-chB int"]
[Site "Ditzingen"]
[Date "2006.05.28"]
[Round "7"]
[White "Nadj, Georg"]
[Black "Loerincz, Peter"]
[Result "1/2-1/2"]
[WhiteElo "1420"]
[BlackElo "1692"]
[PlyCount "87"]
[EventDate "2006.05.25"]
[EventType "swiss"]
[EventRounds "7"]
[EventCountry "GER"]
[SourceTitle "EXT 2018"]
[Source "ChessBase"]
[SourceDate "2017.10.13"]
[SourceVersion "1"]
[SourceVersionDate "2017.10.13"]
[SourceQuality "1"]

1. e4 b6 2. d4 Bb7 3. Bd3 g6 4. c3 Bg7 5. Nf3 d6 6. Bg5 Nd7 7. Nbd2 c5 8. d5 Ngf6 9. 0-0 0-0 10. Nc4 b5 11. Ne3 c4 12. Bc2 a6 13. Nd4 Ne8 14. a4 Bxd4 15. Qxd4 f6 16. Bh6 Rf7 17. f4 Ng7 18. e5 dxe5 19. fxe5 Nxe5 20. Bf4 Nd7 21. Ng4 Kh8 22. Be3 Nf5 23. Bxf5 gxf5 24. Nh6 Rg7 25. Nxf5 Rg6 26. Nh6 Ne5 27. Rf5 Qxd5 28. Qxd5 Bxd5 29. g3 Nf3+ 30. Kf2 Ne5 31. Rh5 e6 32. Bd4 Nd3+ 33. Ke3 Kg7 34. Rxd5 exd5 35. Nf5+ Kf8 36. axb5 Ne5 37. bxa6 Nc6 38. Nd6 Ke7 39. Nb5 Kd7 40. a7 f5 41. Bb6 Kc8 42. Nc7 Kb7 43. Nxa8 Kxa8 44. Bc5 1/2-1/2